Estudis i dictàmens sobre sanitat / Generalitat de Catalunya. Departament de Sanitat i Assistència Social
Descripción Física:
316 p. ; 24 cm
MARC
| LEADER | 00000nam a2200000Ia 4500 | ||
|---|---|---|---|
| 001 | 564 | ||
| 008 | 160829s1980 xx 000 0 cat d | ||
| 080 | |a C-2-75 | ||
| 110 | 1 | |a Catalunya. |b Departament de Sanitat i Assistència Social |9 56410 | |
| 245 | |a Estudis i dictàmens sobre sanitat / Generalitat de Catalunya. Departament de Sanitat i Assistència Social | ||
| 260 | |a Barcelona : |b Servei Central de Publicacions de la Generalitat de Catalunya, |c 1980 | ||
| 300 | |a 316 p. ; |c 24 cm | ||
| 650 | 0 | |a Salut pública |z Catalunya |9 19129 | |
| 650 | |a Assistència mèdica |x Catalunya |x Informes |9 30902 | ||
| 901 | |a Arxiu | ||
| 942 | |n 1 | ||
| 952 | |0 0 |1 0 |4 0 |6 C275 |7 1 |9 45564 |a Arxiu |b Arxiu |d 2016-12-01 |l 0 |o C-2-75 |p 564 |r 2016-12-01 00:00:00 |w 2016-12-01 |y ARXIU | ||
| 999 | |c 48732 |d 48732 | ||